Central Library OPAC University of Rajshahi

অনন্য রবীন্দ্রনাথ / (Record no. 44805)

MARC details
000 -LEADER
fixed length control field 00848nam a2200229 a 4500
001 - CONTROL NUMBER
control field 44805
003 - CONTROL NUMBER IDENTIFIER
rucl marc code BD-RjUL
005 - DATE AND TIME OF LATEST TRANSACTION
control field 20211209053924.0
008 - FIXED-LENGTH DATA ELEMENTS--GENERAL INFORMATION
fixed length control field 160720s1993 ii a|||| |||| 00| e ben d
020 ## - INTERNATIONAL STANDARD BOOK NUMBER
International Standard Book Number 8173320268
Terms of availability : Tk. 75.00
035 ## - SYSTEM CONTROL NUMBER
System control number (BD-RjUL)44923
040 ## - CATALOGING SOURCE
Original cataloging agency BD-RjUL
Language of cataloging ben
Transcribing agency BD-RjUL
041 ## - LANGUAGE CODE
Language code of text/sound track or separate title ben
082 ## - DEWEY DECIMAL CLASSIFICATION NUMBER
Edition number 23
Author mark and year BOO 1993
Classification number 891.4414
100 ## - MAIN ENTRY--PERSONAL NAME
Personal name বসু, নিতাই
9 (RLIN) 126845
245 ## - TITLE STATEMENT
Title অনন্য রবীন্দ্রনাথ /
Statement of responsibility, etc. নিতাই বসু
260 ## - PUBLICATION, DISTRIBUTION, ETC. (IMPRINT)
Place of publication, distribution, etc. কলকাতা :
Name of publisher, distributor, etc. সন্দীপ নায়ক,
Date of publication, distribution, etc. ১৪০০
300 ## - PHYSICAL DESCRIPTION
Pagination ৩৫৬ পৃ. :
Illustrations চিএাবলি ;
Size ২২ সেমি.
600 ## - SUBJECT ADDED ENTRY--PERSONAL NAME
Personal name ঠাকুর, রবীন্দ্রনাথ
Titles and other words associated with a name ১৮৬১-১৯৪১
Personal name Tagore, Rabindranath
Titles and other words associated with a name 1861-1941
942 ## - ADDED ENTRY ELEMENTS (KOHA)
Source of classification or shelving scheme Dewey Decimal Classification
Koha item type Books
Holdings
Lost status Source of classification or shelving scheme Damaged status Not for loan Collection code Permanent Location Current Location Shelving location Date acquired Source of acquisition Cost, normal purchase price Total Checkouts Full call number Date last seen Date checked out Copy number Koha item type
  Dewey Decimal Classification     Non-fiction Central Library, University of Rajshahi Central Library, University of Rajshahi   28/12/1996 Angkur Pro. Dhaka 75.00 1 B 891.4414 BOO 1993 18/09/2016 06/09/2016 C-2 Books